Borders: Low vs. High Infant Mortality - Statistics

General Stats
  • This quiz has been taken 33 times
  • The average score is 20 of 23
Answer Stats
Country % Correct
Iran
100%
Libya
100%
Pakistan
100%
Afghanistan
97%
China
97%
Laos
97%
Niger
97%
Sudan
97%
Thailand
97%
Chad
93%
Mali
93%
Algeria
90%
Cambodia
90%
Tajikistan
90%
Turkmenistan
90%
Uzbekistan
90%
Central African Republic
79%
Ethiopia
76%
Kenya
72%
Somalia
72%
D.R. Congo
69%
Djibouti
66%
Rwanda
66%
No matching quizzes found
Score Distribution
Percent of People with Each Score
Percentile by Number Answered
Your Score History
You have not taken this quiz